000 01370cab a2200265 i 4500
001 768714001
003 CO-MdFUSB
005 20230111175355.0
008 220319s2010 gt ||||| |||| 00| 0 spa d
022 _a1014-9341
040 _aCO-MdFUSB
_bspa
_cCO-MdFUSB
_dCO-MdFUSBC
_erda
041 _aspa
100 _aMorales Sut, Carlos Enrique,
_eAutor
245 1 3 _aEl resurgimiento de la espiritualidad maya a la luz del avance del camino según Hechos :
_b(primera de dos partes)
_c/ Carlos Enrique Morales Sut
300 _aNúmero 47 (Julio - Diciembre, 2010), páginas 93-122
_c; 22 cm
336 _2rdacontent
337 _2rdamedia
338 _2rdacarrier
520 _aLa espiritualidad maya es una religión ancestral en el territorio guatemalteco con matices que varían según el grupo étnico y la cosmovisión de los adeptos. Se mantuvo escondida durante la colonia, y no fue hasta el siglo XX que surgió notablemente. Explica la relación del hombre con la deidad y el universo. El sacerdocio maya y la cofradía han sido las instrucciones fundamentales en su pervivencia y en la perpetuación de sus tradiciones
650 7 _9695
_aBiblia y sociología
653 _aMayas -- Espiritualidad.
690 _aBiblia y sociología
773 _049489
_980009
_gNúmero 47 (Julio - Diciembre, 2010), páginas 93-122
_qpágina 93
_tKairós
942 _cANA
999 _c67496
_d67496